| 000 | 00967nas a2200313 4500 | ||
|---|---|---|---|
| 001 | BR0809881 | ||
| 003 | BR-BrBNA | ||
| 005 | 20231205112837.0 | ||
| 007 | ta | ||
| 008 | 230509b bl.|||p| |||| 00| 00por d | ||
| 040 |
_aBR-BrBNA _bpor _cBiblioteca Nacional de Agricultura |
||
| 041 | _a(Pt) | ||
| 072 | _aQ54; L51 | ||
| 100 | 1 | _aMendonça, M. de O. | |
| 100 | 1 | _aSakomura, N.K. | |
| 100 | 1 | _aSantos, F.R. dos | |
| 100 | 1 | _aFreitas, E.R. | |
| 100 | 1 | _aFernandes, J.B.K. | |
| 100 | 1 | _aBarbosa, N.A.A. | |
| 245 | 1 | _aNíveis de energia metabolizável para machos de corte de crescimento lento criados em semiconfinamento | |
| 650 | _aSUÍNO | ||
| 650 | _aDIGESTIBILIDADE | ||
| 650 | _aPERFORMANCE | ||
| 650 | _aNUTRIÇÃO ANIMAL | ||
| 650 | _aVALOR NUTRITIVO | ||
| 773 | 0 |
_tRevista Brasileira de Zootecnia (Brazil) _xISSN 1516-3598 _g(Aug 2008), v. 37(8) p. 1433-1440 _wBR0809881 |
|
| 909 |
_a202311 _bLúcia _c55 _dLúcia Elande |
||
| 942 |
_2AGRIS _n0 _cANA |
||
| 999 |
_c200340 _d200340 |
||